عرض عادي
عرض مارك
- Angel, Edward
مدخل إسم شخص
001 - رقم الضبط
- حقل الضبط: 34146
003 - معرف رقم الضبط
- حقل الضبط: OSt
005 - تاريخ ووقت أخر عملية
- حقل الضبط: 20130313125009.0
008 - عناصر بيانات ثابتة الطول
- حقل تحكم ثابت الطول: 130313|||a|||||| | ||| d
040 ## - مصدر الفهرسة
- هيئة الفهرسة الأصلية: OSt
- وكالة الكتابة: OSt
100 ## - مدخل -- أسم شخص
- إسم شخص: Angel, Edward
670 ## - بيانات المصدر موجوده
- الاستشهاد بالمصدر: Work cat.: (OSt): Angel, Edward, Interactive computer graphics :, 2012
